Lectii de geometrie diferentiala /

Guardado en:
Autor Principal: Vranceanu, Gheorghe, 1900-1979.
Formato: Libro
Idioma:Romanian
Publicado: Bucuresti : Editura Didactica si Pedagogica, 1951-1968.
Materias:
Etiquetas: Agregar Etiqueta
Sin Etiquetas, Sea el primero en etiquetar este registro!
LEADER 01365nam a2200253 a 4500
001 MAT.inmabb003566
008 781006m19511968rm#######b####000#0#rum##
005 20130315135811.0
245 1 0 |a Lectii de geometrie diferentiala /  |c Gheorghe Vranceanu. 
260 |a Bucuresti :  |b Editura Didactica si Pedagogica,  |c 1951-1968. 
300 |a 4 v. ;  |c 25 cm. 
500 |a Fechas de publicación: v. 2, 1951; v. 1, 1952; v. 3, 1960; v. 4, 1968. 
504 |a Incluye referencias bibliográficas. 
505 1 |a v. 2. Spatii partial proiective. Conexiuni conforme. Spatii neolonome. Ecuatii cu derivate partiale de al doilea ordin. Geometrie diferentiala globala -- v. 3. Proprietati globale ale grupurilor Lie. Teoria corespondentelor. Spatii omogene. Tensori armonici. Grupuri de olonomie. -- v. 4. Grupuri discrete si conexiuni afine invariante. Grupuri discrete ale grupurilor Lie. Curbura unor varietati diferentiabile. Vectori tangenti la sfere si la sfere exotice. 
500 |a La biblioteca posee vols. 3 y 4.  |5 AR-BbIMB 
510 4 |a MR,  |c 30 #511  |3 (v. 3) 
510 4 |a MR,  |c 39 #6181  |3 (v. 4) 
100 1 |a Vranceanu, Gheorghe,  |d 1900-1979. 
650 0 |a Geometry, Differential. 
084 |a 53-01  |2 msc2000 
010 |a  78359642  
040 |a DLC  |c DLC  |d DLC 
859 |h 53  |i V978  |p A-925  |v 3  |3 Vol. 3  |b BIB. MATEMATICA 
859 |h 53  |i V978  |p A-3618  |v 4  |3 Vol. 4  |b BIB. MATEMATICA